| 000 | 00594nam a22001457a 4500 | ||
|---|---|---|---|
| 020 | _a0-330-26427-3 | ||
| 082 |
_a823 _bCOO/B |
||
| 100 | _aCOOK, ROBIN | ||
| 245 | _aBRAIN | ||
| 260 |
_aGREAT BRITAIN _bMACMILLAN _c2006 |
||
| 300 | _a234 | ||
| 520 | _aThe story starts with a girl Katherine Collins going to a private clinic for a pap smear but these people anesthetize her and steal her brain for a secret military project. She is placed in a vat of liquid and her brain is connected to a computer. The same thing happens to other patients too. | ||
| 650 |
_aNOVEL _zUNITED KINGDOM |
||
| 942 | _cBK | ||
| 999 |
_c2935 _d2935 |
||